| 000 | 00531nam a2200169Ia 4500 | ||
|---|---|---|---|
| 003 | IN-BaIIA | ||
| 008 | 211028s9999 xx 000 0 eng d | ||
| 020 | _a81-7224-727-3 | ||
| 040 | _cIIA Library | ||
| 080 |
_a524.8 _bTAG |
||
| 100 |
_aTagore, Rabindranath _932646 |
||
| 245 | 0 |
_aOur universe _btranslated from the original Bengali of Rabindranath Tagore _cRabindranath Tagore |
|
| 260 |
_aMumbai _bJaico Publishing _c1999 |
||
| 300 | _axi, 99p. | ||
| 650 |
_aUniverse _91987 |
||
| 942 | _cBK | ||
| 999 |
_c17606 _d17606 |
||